Normal view
MARC view
- الدباس ، علي محمد ، أبو زيد ، علي عليان
Entry Personal Name
001 - CONTROL NUMBER
- control field: 25890
003 - CONTROL NUMBER IDENTIFIER
- control field: JO-AjAnu
005 - DATE AND TIME OF LATEST TRANSACTION
- control field: 20230606074422.0
008 - FIXED-LENGTH DATA ELEMENTS
- fixed length control field: 230606|| aca||aabn | a|a d
040 ## - CATALOGING SOURCE
- Original cataloging agency: JO-AjAnu
- Transcribing agency: JO-AjAnu
100 ## - HEADING--PERSONAL NAME
- Personal name: الدباس ، علي محمد ، أبو زيد ، علي عليان
670 ## - SOURCE DATA FOUND
- Source citation: Work cat.: (JO-AjAnu)13310: الدباس ، علي محمد ، أبو زيد ، علي عليان , author, حقوق الإنسان وحرياته ودور شرعية الإجراءات الشرطية في تعزيزها : دراسة تحليلية لتحقيق التوازن بين حقوق الإنسان وحرياتة وأمن المجتمع تشريعا وفقها وقضاء